A family planning hypothesis : some empirical evidence from Puerto Rico /

Bibliographic Details
Main Author: Schultz, T. Paul
Corporate Author: Rand Corporation
Format: Book
Language:English
Published: Santa Monica, Calif. : Rand Corp., [1967]
Series:Memorandum (Rand Corporation) ; RM-5405-RC/AID.
Subjects:

MARC

Tag First Indicator Second Indicator Subfields
LEADER 00000cam a2200000 i 4500
001 in00001090213
005 20150929205843.0
008 761001s1967 cau bs 000 0 eng
010 |a  76372685  
035 |a (OCoLC)00598228 
035 |9 AFT5934AM 
040 |a DLC  |c DLC  |d m.c.  |d TXA  |d UtOrBLW 
043 |a nwpr--- 
049 |a TXAM 
050 0 0 |a Q180.A1  |b R36 no. 5405  |a HB850.5.P9 
090 |a Q180.A  |b R36 RM-5405-RC/AID 
100 1 |a Schultz, T. Paul. 
245 1 2 |a A family planning hypothesis :  |b some empirical evidence from Puerto Rico /  |c T. Paul Schultz. 
264 1 |a Santa Monica, Calif. :  |b Rand Corp.,  |c [1967] 
300 |a ix, 76 pages ;  |c 28 cm. 
336 |a text  |b txt  |2 rdacontent 
337 |a unmediated  |b n  |2 rdamedia 
338 |a volume  |b nc  |2 rdacarrier 
490 1 |a Memorandum ;  |v RM-5405-RC/AID 
500 |a "Prepared for the Rand Corporation and the Agency for International Development, Department of State, under Contract number F44620-67-C-0050..." 
504 |a Includes bibliographical references. 
500 |a "December 1967". 
651 0 |a Puerto Rico  |x Population. 
650 0 |a Birth control  |z Puerto Rico  |x Mathematical models. 
650 0 |a Family size  |x Mathematical models. 
710 2 |a Rand Corporation. 
830 0 |a Memorandum (Rand Corporation) ;  |v RM-5405-RC/AID. 
999 |a MARS 
999 f f |s 9c0c935c-306e-3524-afde-68c3250b1293  |i ac2af223-e782-345a-81de-fb96d9825046  |t 0 
952 f f |p ric  |a Texas A&M University  |b Rellis Campus  |c Joint Library Facility  |d Remote Storage  |t 0  |e Q180.A1 R36 RM-5405-RC AID  |h Library of Congress classification  |i unmediated -- volume  |m A14816854472 
998 f f |a Q180.A1 R36 RM-5405-RC AID  |t 0  |l Remote Storage